| 000 | 01778nam a22004457a 4500 | ||
|---|---|---|---|
| 003 | CHAP | ||
| 005 | 20250214091812.0 | ||
| 008 | 100813s2004 mx r 00010 spa d | ||
| 010 | _a98979 | ||
| 011 | _a99951 | ||
| 020 | _a9680201139 | ||
| 035 | _a110637 | ||
| 040 | _cCHAP | ||
| 082 | 0 | 4 |
_a338.10972 _bSi89 |
| 245 | 0 | 0 |
_aSituación y perspectivas de la economía y el comecio del sector agropecuario en México _c/compilado por Ignacio Caamal Cauich ...[et al.] |
| 260 |
_aChapingo, Méx. : _bUACH. División de Ciencias Económico - Administrativas, _c2004 |
||
| 300 |
_av. : _bgráfs, cuadros |
||
| 500 | _aLa biblioteca tiene : v.2, v.3 | ||
| 590 |
_aBATCH-UPD _b10 _c20130110 _lUCH01 _h0902 |
||
| 590 |
_aBATCH-UPD _b10 _c20130410 _lUCH01 _h0531 |
||
| 590 |
_aBATCH-UPD _b10 _c20130913 _lUCH01 _h2308 |
||
| 590 |
_aCONVERSION _b10 _c20130109 _lUCH01 _h1355 |
||
| 650 | 1 | 4 |
_aAgricultura _xAspectos economicos _zMexico. _91312 |
| 650 | 1 | 4 |
_aAguacate _xMercadeo. _92534 |
| 650 | 1 | 4 |
_aCereales _xMercadeo. _921435 |
| 650 | 1 | 4 |
_aChile (Botánica) _xPrecios. _922383 |
| 650 | 1 | 4 |
_aIndustria lechera _xGuanajuato. _957838 |
| 650 | 1 | 4 |
_aLeche _xMercadeo. _965383 |
| 650 | 1 | 4 |
_aMaíz _xMercadeo. _971007 |
| 650 | 1 | 4 |
_aOrganización de productores. _983544 |
| 650 | 1 | 4 | _aTratado Trilateral de Libre Comercio. |
| 700 | 1 |
_aCaamal Cauich, Ignacio _e, comp. _916527 |
|
| 901 | _aBK | ||
| 911 | _aen proceso | ||
| 942 | _cLIBRO | ||
| 949 |
_a338.10972 Si89 _bBC _cLIBRO _d33724002215751 _eLIBRO _fv.2 c.2 _h113188 _i110637 _sb |
||
| 949 |
_a338.10972 Si89 _bBC _cLIBRO _d33724002215835 _eLIBRO _fv.3 c.2 _h113190 _i110637 _sb |
||
| 949 |
_a338.10972 Si89 _bBC _cUACH _d33724002215793 _eUACH _fv.2 _h113187 _i110637 _sb |
||
| 949 |
_a338.10972 Si89 _bBC _cUACH _d33724002215876 _eUACH _fv.3 _h113189 _i110637 _sb |
||
| 999 |
_c98979 _d98979 |
||